000
00264nam a2200121Ia 4500
008
190216s9999||||xx |||||||||||||| ||und||
100
_a
Romney Robinson
245
0
_a
Economics
260
_b
Mcgraw -hill
_c
1964
300
_a
274p
650
_a
Commerce
942
_c
BK
999
_c
4781
_d
4781